Pokémon - Les attaques de Rampe-Ailes - Statistiques

Statistiques générales
  • Ce quiz a été pris 12 fois
  • Le résultat moyen est 12 sur 18
Statistiques - réponses
Niveaux Types Noms des attaques % Correct
Départ Feu Flammèche
100%
Niveau 56 Combat Gonflette
100%
Niveau 14 Feu Nitrocharge
100%
Départ Vol Tornade
100%
Niveau 84 Insecte Vampirisme
100%
Niveau 42 Insecte Furie-Bond
80%
Départ Insecte Piqûre
80%
Niveau 28 Combat Balayette
60%
Niveau 77 Normal Cyclone
60%
Niveau 21 Normal Écrasement
60%
Niveau 70 Insecte Escarmouche
60%
Niveau 91 Normal Mania
60%
Niveau 7 Poison Poudre Toxik
60%
Niveau 49 Combat Surpuissance
60%
Départ Feu Zénith
60%
Niveau 63 Vol Double Volée
40%
Niveau 7 Plante Para-Spore
40%
Niveau 35 Normal Aurore
0%
Aucun quiz correspondant
Distribution des résultats
% des personnes avec chaque résultat
Percentile par nombre de réponses
Votre historique - résultats
Vous n’avez pas pris ce quiz